| 000 | 00500 a2200169 4500 | ||
|---|---|---|---|
| 003 | OSt | ||
| 005 | 20231223134812.0 | ||
| 008 | 231223b |||||||| |||| 00| 0 eng d | ||
| 020 | _a9788181439833 | ||
| 040 | _coclc | ||
| 082 |
_a891.43 _bSIN/J |
||
| 100 |
_aSingh, Yogendra Pratap _910208 |
||
| 245 |
_aJAN JAN KE KAVI TULSIDAS / _c Yogendra Pratap Singh, |
||
| 260 |
_aNew Dlhi: _bVani Prakashan, _c2015. |
||
| 300 | _a112p | ||
| 942 |
_2ddc _cBK _h891.43 _iSIN/J _k891.43 _mSIN/J |
||
| 999 |
_c43552 _d43552 |
||